Recreation and leisure in modern society / (Record no. 3600)

000 -LEADER
fixed length control field 01180cam a2200337 a 4500
001 - CONTROL NUMBER
control field 12258578
003 - CONTROL NUMBER IDENTIFIER
control field OSt
005 - DATE AND TIME OF LATEST TRANSACTION
control field 20161017103906.0
008 - FIXED-LENGTH DATA ELEMENTS--GENERAL INFORMATION
fixed length control field 001215s2001 maua b 001 0 eng
010 ## - LIBRARY OF CONGRESS CONTROL NUMBER
LC control number 00067856
020 ## - INTERNATIONAL STANDARD BOOK NUMBER
International Standard Book Number 0763716782
022 ## - INTERNATIONAL STANDARD SERIAL NUMBER
Source 9780763716783
040 ## - CATALOGING SOURCE
Original cataloging agency DLC
Transcribing agency DLC
Modifying agency DLC
043 ## - GEOGRAPHIC AREA CODE
Geographic area code n------
050 00 - LIBRARY OF CONGRESS CALL NUMBER
Classification number GV51.K7 2001
082 00 - DEWEY DECIMAL CLASSIFICATION NUMBER
Classification number 790/.097
Edition number 21
100 1# - MAIN ENTRY--PERSONAL NAME
Personal name Kraus, Richard G.
245 10 - TITLE STATEMENT
Title Recreation and leisure in modern society /
Statement of responsibility, etc Richard Kraus.
250 ## - EDITION STATEMENT
Edition statement 6th ed.
260 ## - PUBLICATION, DISTRIBUTION, ETC. (IMPRINT)
Place of publication, distribution, etc Boston :
Name of publisher, distributor, etc Jones and Bartlett Publishers, c2001.
300 ## - PHYSICAL DESCRIPTION
Extent xiv,384 p. :
Other physical details ill. ;
Dimensions 27 cm.
504 ## - BIBLIOGRAPHY, ETC. NOTE
Bibliography, etc Includes bibliographical references and index.
650 #0 - SUBJECT ADDED ENTRY--TOPICAL TERM
Topical term or geographic name as entry element Recreation
Geographic subdivision North America.
650 #0 - SUBJECT ADDED ENTRY--TOPICAL TERM
Topical term or geographic name as entry element Recreation
Geographic subdivision North America
General subdivision History.
650 #0 - SUBJECT ADDED ENTRY--TOPICAL TERM
Topical term or geographic name as entry element Leisure
General subdivision Social aspects
Geographic subdivision North America.
650 #0 - SUBJECT ADDED ENTRY--TOPICAL TERM
Topical term or geographic name as entry element Play
Geographic subdivision North America
General subdivision Psychological aspects.
650 #0 - SUBJECT ADDED ENTRY--TOPICAL TERM
Topical term or geographic name as entry element Recreation
General subdivision Vocational guidance
Geographic subdivision North America.
906 ## - LOCAL DATA ELEMENT F, LDF (RLIN)
a 7
b cbc
c orignew
d 1
e ocip
f 20
g y-gencatlg
942 ## - ADDED ENTRY ELEMENTS (KOHA)
Source of classification or shelving scheme
Koha item type Book
Holdings
Withdrawn status Lost status Source of classification or shelving scheme Damaged status Not for loan Home library Current library Shelving location Date acquired Total Checkouts Full call number Barcode Date last seen Copy number Koha item type
          Riara University Library Riara University Library General stack 17/10/2016   GV51.K7 2001 8472/16 17/10/2016 C.1 Book

Riara University Library,
P.O. Box 49940-00100,
Nairobi, Kenya.